Clinical research: Practice and prospects (Record no. 19316)

MARC details
000 -LEADER
fixed length control field 00463nam a2200169Ia 4500
008 - FIXED-LENGTH DATA ELEMENTS--GENERAL INFORMATION
fixed length control field 230917s9999||||xx |||||||||||||| ||und||
020 ## - ISBN
Price RS395
040 ## - CATALOGING SOURCE
-- 235050
Original cataloging agency VIVEKANANDA LIBRARY
041 ## - Language
-- English
082 ## - DDC NUMBER
Classification number 616.0072 P171C
100 ## - MAIN ENTRY--PERSONAL NAME
Personal name Pal, T K, ed.
245 #0 - TITLE STATEMENT
Title Clinical research: Practice and prospects
260 ## - PUBLICATION, DISTRIBUTION, ETC. (IMPRINT)
Place of publication, distribution, etc New Delhi
Name of publisher, distributor, etc CBS Publishers
Date of publication, distribution, etc 2014
300 ## - PHYSICAL DESCRIPTION
Pages xii, 187 p.
500 ## - GENERAL NOTE
General note 2398 05/10/2016 HBD16/6684 06/10/2016 Main Budget
942 ## - ADDED ENTRY ELEMENTS (KOHA)
Koha item type Books
Holdings
Withdrawn status Lost status Damaged status Not for loan Location (home branch) Sublocation or collection (holding branch) Date acquired Koha issues (times borrowed) Koha full call number Accession No. Koha date last seen Koha item type
        VIVEKANANDA LIBRARY VIVEKANANDA LIBRARY 24/11/2016   616.0072 P171C 353858 17/09/2023 Books
        VIVEKANANDA LIBRARY VIVEKANANDA LIBRARY 24/11/2016   616.0072 P171C 354545 17/09/2023 Books
© Designed and Maintained by Vivekananda Library, MDU Rohtak